000 00628nam a22001697a 4500
003 OSt
005 20171010095500.0
008 120720t xxu||||| |||| 00| 0 eng d
040 _aMMSU
_cULS
100 _aQuibuyen, Kristelle Joy Ann B.
_911360
245 _aDiuretic effect of mature kantutai (Paederia foefida Linn.) leaf extract on guinea pigs (Cavia porcellus)
_cKristelle Joy Ann B. Quibuyen
260 _c2008
300 _a[xiv], 44 leaves
_c28 cm.
500 _aThesis (BS Biology) -- Mariano Marcos State University-College of Arts & Sciences, Batac City
504 _aBibliography: leaf 26
942 _2ddc
_cTHEDIS
999 _c9653
_d9653